Normal view
MARC view
- Maryam, Ayesha
Entry Personal Name
001 - CONTROL NUMBER
- control field: 132693
003 - CONTROL NUMBER IDENTIFIER
- control field: NUST
005 - DATE AND TIME OF LATEST TRANSACTION
- control field: 20260102102347.0
008 - FIXED-LENGTH DATA ELEMENTS
- fixed length control field: 260102|| aca||aabn | a|a d
040 ## - CATALOGING SOURCE
- Original cataloging agency: NUST
- Transcribing agency: NUST
100 ## - HEADING--PERSONAL NAME
- Personal name: Maryam, Ayesha
670 ## - SOURCE DATA FOUND
- Source citation: Work cat.: (NUST): Maryam, Ayesha, Advanced Brain Tumor Detection and Segmentation in MRI Imaging using Deep Learning and Explainable AI/
